[Event "Reykjavik Open 2026"]
[Site "Reykjavik ISL"]
[Date "2026.03.31"]
[Round "9.149"]
[White "Murphy, Dara"]
[Black "Mintz, Nathan"]
[Result "0-1"]
[WhiteElo "1888"]
[BlackElo "1708"]
[WhiteFideId "2501783"]
[BlackFideId "30995540"]
[EventDate "2026.03.25"]

1. e4 c5 2. Nf3 d6 3. d4 cxd4 4. Nxd4 Nf6 5. Nc3 a6 6. Bg5 Nbd7 7. Qe2 h6 8. Bh4
e6 9. O-O-O Be7 10. f4 Qc7 11. g4 g6 12. Bg2 e5 13. fxe5 dxe5 14. Nb3 b5 15. g5
hxg5 16. Bxg5 Bb7 17. Rhf1 Rc8 18. Qf2 Rh7 19. h4 b4 20. Nd5 Bxd5 21. exd5 Ng4
22. d6 Bxg5+ 23. hxg5 Nxf2 24. dxc7 Nxd1 25. Rxd1 Rxc7 26. Rd6 Rh2 27. Be4 Rc4
28. Bc6 Rhxc2+ 0-1

[Event "Reykjavik Open 2026"]
[Site "Reykjavik ISL"]
[Date "2026.03.31"]
[Round "9.150"]
[White "Gain, Soheil"]
[Black "Jonatansson, Sigurdur Freyr"]
[Result "1/2-1/2"]
[WhiteElo "1862"]
[BlackElo "1684"]
[WhiteFideId "646563"]
[BlackFideId "2303116"]
[EventDate "2026.03.25"]

1. d4 d5 2. Nc3 e6 3. Bf4 c5 4. e3 a6 5. Nf3 Nc6 6. dxc5 Bxc5 7. Bd3 Nf6 8. O-O
h6 9. e4 O-O 10. e5 Nd7 11. Qd2 f6 12. exf6 Qxf6 13. Bg3 Nd4 14. Nxd4 Bxd4 15.
Rad1 Bxc3 16. bxc3 Ne5 17. Rfe1 Nxd3 18. cxd3 Bd7 19. Be5 Qg6 20. Re3 Rf7 21.
Bd4 Raf8 22. Rg3 Qh5 23. Re1 g5 24. Re5 Rf5 25. Re1 Rf4 26. h3 R8f7 27. Qb2 b5
28. Qb4 Kh7 29. Qd6 Qg6 30. Qe5 Rf8 31. Qc7 Qf7 1/2-1/2

[Event "Reykjavik Open 2026"]
[Site "Reykjavik ISL"]
[Date "2026.03.31"]
[Round "9.151"]
[White "Hagestad, Iver Dagsonn"]
[Black "Jorgensen, Peter"]
[Result "1-0"]
[WhiteElo "1666"]
[BlackElo "1862"]
[WhiteFideId "1592335"]
[BlackFideId "1482556"]
[EventDate "2026.03.25"]

1. e4 e5 2. Nc3 Nf6 3. f4 d5 4. fxe5 Nxe4 5. Qf3 Be6 6. Nxe4 dxe4 7. Qxe4 Bd5 8.
Qf4 Nc6 9. Nf3 Qd7 10. Bb5 O-O-O 11. O-O f6 12. d4 Bxf3 13. Qxf3 Qxd4+ 14. Be3
Qxe5 15. Bxc6 bxc6 16. Bxa7 Rd2 17. Rfe1 Bc5+ 18. Kh1 Qd6 19. Qf5+ Kb7 20. Bxc5
Qd8 21. Qg4 Qd5 22. b4 Rd8 23. a4 h5 24. Qf3 Qc4 25. Rad1 Qxc2 26. Rxd2 Rxd2 27.
a5 Rd5 28. h3 g5 29. Qe2 Qa4 30. a6+ Qxa6 31. Qxa6+ Kxa6 32. Re6 f5 33. Rxc6+
Kb7 34. Re6 g4 35. h4 f4 36. Kg1 Rf5 37. Kf2 Rd5 38. Ke2 Rf5 39. Re4 Kc6 40. Rd4
Kb5 41. Rd7 f3+ 42. gxf3 gxf3+ 43. Kf2 Kc6 44. Rh7 Kb7 45. Bd6 1-0

[Event "Reykjavik Open 2026"]
[Site "Reykjavik ISL"]
[Date "2026.03.31"]
[Round "9.153"]
[White "Mahabiersing, Caspar"]
[Black "Brynjarsson, Orvar Holm"]
[Result "0-1"]
[WhiteElo "1595"]
[BlackElo "1845"]
[WhiteFideId "40119882"]
[BlackFideId "2321726"]
[EventDate "2026.03.25"]

1. e4 c5 2. c3 d5 3. exd5 Qxd5 4. d4 Nc6 5. Nf3 Nf6 6. Be2 cxd4 7. cxd4 e6 8.
Nc3 Qd6 9. h3 Be7 10. O-O O-O 11. Be3 a6 12. Qb3 b5 13. a3 Bb7 14. Rfd1 Rac8 15.
Qc2 Rfd8 16. Bd3 Qb8 17. Ng5 h6 18. Nf3 Nd5 19. Nxd5 Rxd5 20. Qe2 Bf6 21. Be4
Rdd8 22. Rac1 Nxd4 23. Bxd4 Rxc1 24. Rxc1 Bxd4 25. Bxb7 Qxb7 26. Rd1 Qb6 27. Kf1
Bf6 28. Rxd8+ Qxd8 29. Qc2 Qd5 30. b4 g6 31. Qc5 Qxc5 32. bxc5 Kf8 33. Ke2 Ke8
34. Kd3 Kd7 35. Nd4 Bxd4 36. Kxd4 0-1

[Event "Reykjavik Open 2026"]
[Site "Reykjavik ISL"]
[Date "2026.03.31"]
[Round "9.154"]
[White "Sverrisson, Dagur"]
[Black "Labruyere, Robert Nirina"]
[Result "1-0"]
[WhiteElo "1585"]
[BlackElo "1836"]
[WhiteFideId "2326175"]
[BlackFideId "285943"]
[EventDate "2026.03.25"]

1. e4 e5 2. Nf3 Nf6 3. Nxe5 Nc6 4. Nxc6 dxc6 5. Nc3 Bc5 6. h3 h5 7. d3 Qd6 8.
Qf3 Be6 9. Bf4 Qd4 10. Be3 Qb4 11. Bd2 Qxb2 12. Rb1 Qxc2 13. Be2 O-O-O 14. Rc1
Qb2 15. Na4 Qxa2 16. Nxc5 Bg4 17. hxg4 hxg4 18. Qf5+ Kb8 19. Rxh8 Rxh8 20. Nd7+
Nxd7 21. Qxd7 Qb3 22. Bxg4 a5 23. Bh3 a4 24. Qd4 a3 25. Qc3 Qa4 26. Qb4 Qa6 27.
Qa5 Qxd3 28. Be3 b6 29. Bxb6 Qxe4+ 30. Be3 f5 31. Qa7+ Kc8 32. Qa8+ Kd7 33. Qxh8
Qb4+ 34. Kf1 Qb5+ 35. Kg1 Qe5 36. Rd1+ Ke7 37. Bg5+ Kf7 38. Rd7+ Kg6 39. Rxg7+
Qxg7 40. Bxf5+ Kf7 41. Be6+ Kg6 42. Qxg7+ Kxg7 43. Bc1 Kf6 44. Bc4 c5 45. Bxa3
c6 46. Bxc5 Kg7 47. Bd4+ Kh7 48. Bd3+ Kg8 49. Be4 c5 50. Bxc5 Kg7 51. f4 Kg8 52.
f5 Kh8 53. f6 Kg8 54. Bd5+ Kh7 55. f7 Kh6 56. f8=Q+ 1-0

[Event "Reykjavik Open 2026"]
[Site "Reykjavik ISL"]
[Date "2026.03.31"]
[Round "9.155"]
[White "Proudfoot, Andy"]
[Black "Helgadottir, Idunn"]
[Result "0-1"]
[BlackTitle "WCM"]
[WhiteElo "1580"]
[BlackElo "1831"]
[WhiteFideId "487910"]
[BlackFideId "2314118"]
[EventDate "2026.03.25"]

1. d4 d5 2. Nf3 Nf6 3. e3 e6 4. Bd3 c5 5. b3 Nc6 6. a3 Bd6 7. Bb2 Qc7 8. Nbd2 e5
9. dxe5 Nxe5 10. Bb5+ Bd7 11. Bxd7+ Nfxd7 12. O-O O-O 13. h3 Rad8 14. Rc1 Rfe8
15. Nxe5 Nxe5 16. Nf3 Ng6 17. Kh1 c4 18. Qe1 b5 19. Nd4 Qd7 20. Qa5 Rb8 21. Rb1
Nh4 22. bxc4 dxc4 23. Bc3 Bc7 24. Qb4 Qd5 25. Rg1 a5 26. Qb2 Qd6 27. g3 Qd5+ 28.
Kh2 Be5 29. e4 Qxe4 30. Rbe1 Qd5 31. Rxe5 Qxe5 32. Re1 Qf6 33. gxh4 Qxf2+ 34.
Kh1 Re3 0-1

[Event "Reykjavik Open 2026"]
[Site "Reykjavik ISL"]
[Date "2026.03.31"]
[Round "9.156"]
[White "Hausberg, Volkmar-Dirk"]
[Black "Otto, Michael"]
[Result "0-1"]
[WhiteElo "1583"]
[BlackElo "1827"]
[WhiteFideId "533023280"]
[BlackFideId "24617822"]
[EventDate "2026.03.25"]

1. d4 Nf6 2. Nf3 g6 3. c4 c5 4. d5 b5 5. Bg5 Bg7 6. Bxf6 Bxf6 7. Qc2 bxc4 8. e4
Qa5+ 9. Nc3 d6 10. Bxc4 Nd7 11. O-O O-O 12. Rfe1 Rb8 13. Rac1 Nb6 14. Be2 e6 15.
Nb5 Rd8 16. dxe6 Bxe6 17. Nc7 Bd7 18. Red1 Bc6 19. b3 Rbc8 20. Nd5 Nxd5 21. exd5
Bd7 22. h3 Re8 23. Bc4 Re7 24. Re1 Rce8 25. Rxe7 Rxe7 26. a4 Bf5 27. Qd2 Qxd2
28. Nxd2 Bg5 29. Ne4 Bxe4 30. Re1 Bf5 31. Rxe7 Bxe7 32. g4 Bc2 33. Kf1 f5 34.
gxf5 Bxf5 35. Kg2 Kf7 36. f3 Bh4 37. Bb5 Kf6 38. f4 Be4+ 39. Kf1 Bxd5 40. Bd7
Bxb3 0-1

[Event "Reykjavik Open 2026"]
[Site "Reykjavik ISL"]
[Date "2026.03.31"]
[Round "9.157"]
[White "Sakinis, Rimandas"]
[Black "Bernstein, Charles B"]
[Result "0-1"]
[WhiteElo "1804"]
[BlackElo "1667"]
[WhiteFideId "12864749"]
[BlackFideId "39970639"]
[EventDate "2026.03.25"]

1. Nf3 c5 2. g3 d5 3. Bg2 Nc6 4. O-O e5 5. d3 Nge7 6. Re1 g6 7. c3 Bg7 8. Bg5 h6
9. Bd2 O-O 10. Na3 f5 11. e4 dxe4 12. dxe4 f4 13. Qb3+ Kh8 14. Rad1 Qe8 15. Nc4
Be6 16. Qb5 b6 17. b4 a6 18. Qxb6 Bxc4 19. Qxc5 Be6 20. Qd6 Bg4 21. gxf4 Rd8 22.
Qc7 exf4 23. h3 Bxf3 24. Bxf3 Ne5 25. Bg4 h5 26. Be2 Nd3 27. Bxd3 Rxd3 28. Bxf4
Rxc3 29. Qd6 Qf7 30. Bg3 h4 31. Bxh4 Rxh3 32. Qxe7 Qf3 0-1

[Event "Reykjavik Open 2026"]
[Site "Reykjavik ISL"]
[Date "2026.03.31"]
[Round "9.158"]
[White "Sankrithi, Siva"]
[Black "Schimmer, Michael"]
[Result "1/2-1/2"]
[WhiteElo "1575"]
[BlackElo "1797"]
[WhiteFideId "2088231"]
[BlackFideId "24606014"]
[EventDate "2026.03.25"]

1. e4 c5 2. Nc3 e6 3. Nf3 Nc6 4. d3 d5 5. Ne2 dxe4 6. dxe4 Qxd1+ 7. Kxd1 Nf6 8.
Ng3 Bd7 9. Bg5 Ng4 10. Ke1 h6 11. Bd2 O-O-O 12. Bc3 Rg8 13. h3 Nf6 14. Bd3 Be7
15. Ne5 Nxe5 16. Bxe5 Bc6 17. Ke2 Nd7 18. Bc3 Bd6 19. Nf1 Ne5 20. Bxe5 Bxe5 21.
c3 Rd7 22. Ne3 Rgd8 23. Rhd1 g6 24. Bc2 Bb5+ 25. Ke1 f5 26. Rxd7 Rxd7 27. Rd1
Re7 28. exf5 gxf5 29. Bd3 Bc6 30. f3 b5 31. Kf2 Rg7 32. g4 f4 33. Nc2 a6 34. Re1
Rd7 35. Be4 Rd2+ 36. Re2 Rxe2+ 37. Kxe2 Bd5 38. Bxd5 exd5 39. Ne1 Kd7 40. Ng2
Ke6 41. Nh4 Bg7 42. Nf5 Bf8 43. Nh4 Kf6 44. Nf5 Ke6 1/2-1/2

[Event "Reykjavik Open 2026"]
[Site "Reykjavik ISL"]
[Date "2026.03.31"]
[Round "9.159"]
[White "McMillan, Felix"]
[Black "B. Berglindardottir, Emilia Embla"]
[Result "1-0"]
[WhiteElo "1795"]
[BlackElo "1656"]
[WhiteFideId "150098722"]
[BlackFideId "2318946"]
[EventDate "2026.03.25"]

1. d4 Nf6 2. c4 g6 3. Nc3 Bg7 4. e4 d6 5. f4 Nc6 6. d5 Nb8 7. Nf3 O-O 8. Bd3
Nbd7 9. h4 Nc5 10. Be3 Nxd3+ 11. Qxd3 Ng4 12. h5 Nxe3 13. Qxe3 c5 14. f5 gxf5
15. Rh3 f4 16. Qxf4 Bxh3 17. gxh3 Qa5 18. Kd2 Qb4 19. Kc2 Qxc4 20. Rg1 Kh8 21.
Rxg7 Kxg7 22. Qg5+ Kh8 23. Qxe7 Qf1 24. Qf6+ Kg8 25. Qg5+ Kh8 26. h6 Qf2+ 27.
Kb3 c4+ 28. Ka3 1-0

[Event "Reykjavik Open 2026"]
[Site "Reykjavik ISL"]
[Date "2026.03.31"]
[Round "9.160"]
[White "Winter, Kevin"]
[Black "Koppe, Cordelia"]
[Result "1-0"]
[WhiteElo "1791"]
[BlackElo "1656"]
[WhiteFideId "421960"]
[BlackFideId "16232119"]
[EventDate "2026.03.25"]

1. e4 c6 2. d4 d5 3. e5 Bf5 4. h4 h6 5. g4 Bh7 6. e6 fxe6 7. Bd3 g6 8. g5 Bg7 9.
h5 hxg5 10. hxg6 Bxd4 11. Rxh7 Kd7 12. Rxh8 Bxh8 13. Nf3 Qf8 14. Nxg5 Na6 15.
Nf7 Bg7 16. c4 d4 17. Qe2 Nc5 18. b4 Nxd3+ 19. Qxd3 e5 20. Nd2 Nh6 21. Qh3+ e6
22. Nxh6 Bxh6 23. Qh5 Bg7 24. c5 a5 25. Nc4 Kc7 26. Nxe5 axb4 27. Nf7 d3 28.
Bf4+ Kc8 29. Bd6 Qe8 30. Be5 Bxe5 31. Qxe5 Qd7 32. Nd6+ Kb8 33. Nb5+ Kc8 34.
Qh8+ Qd8 35. g7 Kd7 36. Qxd8+ Rxd8 37. Nd6 Rg8 38. Kd2 Rxg7 39. Kxd3 b5 40. Rb1
Rg5 41. Ne4 Rd5+ 42. Ke3 Ke7 43. Rxb4 Rd1 44. a4 bxa4 45. Rxa4 e5 46. Ra6 Re1+
47. Kf3 Kd7 48. Ra7+ Kd8 49. Rh7 Rd1 50. Kg4 Rd4 51. Kf5 Rd5 52. Rh6 Kc7 53. Rd6 1-0

[Event "Reykjavik Open 2026"]
[Site "Reykjavik ISL"]
[Date "2026.03.31"]
[Round "9.161"]
[White "Endo van Dooijeweert, Sebastian"]
[Black "Chilton, James I"]
[Result "1-0"]
[WhiteElo "1561"]
[BlackElo "1790"]
[WhiteFideId "7007167"]
[BlackFideId "423009"]
[EventDate "2026.03.25"]

1. e4 c5 2. c3 e6 3. d4 cxd4 4. cxd4 Nc6 5. Nc3 Nge7 6. Bf4 Ng6 7. Bg3 a6 8. a3
b5 9. Nf3 Bb7 10. d5 exd5 11. exd5 Qe7+ 12. Be2 Nce5 13. O-O d6 14. Re1 O-O-O
15. Rc1 Kb8 16. b4 Nxf3+ 17. Bxf3 Ne5 18. Be2 Qd7 19. Qd4 h5 20. f4 Nc4 21. Bf2
Ba8 22. Bxc4 bxc4 23. Qb6+ Bb7 24. Ne4 Be7 25. Qa7+ Kc8 26. Rxc4+ Bc6 27. Rxc6+ 1-0

[Event "Reykjavik Open 2026"]
[Site "Reykjavik ISL"]
[Date "2026.03.31"]
[Round "9.162"]
[White "Dillenschneider, Antoine"]
[Black "Tant, Sander"]
[Result "1-0"]
[WhiteElo "1787"]
[BlackElo "1623"]
[WhiteFideId "527032787"]
[BlackFideId "281166"]
[EventDate "2026.03.25"]

1. Nf3 d5 2. c4 c6 3. e3 Nf6 4. Nc3 a6 5. d4 Bf5 6. Be2 e6 7. O-O Be7 8. b3 Nbd7
9. Bb2 Ne4 10. Nxe4 dxe4 11. Nd2 c5 12. f3 Nf6 13. fxe4 Nxe4 14. Bf3 Nxd2 15.
Qxd2 Rb8 16. Rad1 cxd4 17. exd4 Bg5 18. Qe2 O-O 19. d5 Qd6 20. Be5 Qb6+ 21. Kh1
Rbd8 22. Qb2 Bh6 23. Bd4 Qc7 24. Qa3 Bc2 25. Rde1 Bd2 26. Qb2 Bxe1 27. Rxe1 Bf5
28. Bxg7 Rfe8 29. Bf6 exd5 30. Rd1 Rc8 31. Qd2 Re6 32. Qg5+ Bg6 33. Bxd5 Rxf6
34. Qxf6 b5 35. Qxa6 bxc4 36. Qxc4 Qb8 37. Qf1 Rc2 38. a4 Bh5 39. Re1 Rd2 40.
Bc4 Qb7 41. Re8+ Kg7 42. Qa1+ Kg6 43. Rg8+ Kf5 44. Qf1+ Ke4 45. Re8+ Kd4 46.
Rd8+ Ke3 47. Qe1+ Re2 48. Bxe2 Bxe2 49. Re8+ 1-0

[Event "Reykjavik Open 2026"]
[Site "Reykjavik ISL"]
[Date "2026.03.31"]
[Round "9.163"]
[White "Chidichimo, Pedro Jose Maria"]
[Black "Dufour, Jakob"]
[Result "1/2-1/2"]
[WhiteElo "1786"]
[BlackElo "1609"]
[WhiteFideId "24545252"]
[BlackFideId "282146"]
[EventDate "2026.03.25"]

1. d4 Nf6 2. c4 e5 3. dxe5 Ng4 4. e3 Nxe5 5. Nc3 d6 6. f4 Nec6 7. Bd3 g6 8. Nf3
Bg7 9. Bd2 O-O 10. Qe2 Re8 11. O-O-O Nd7 12. h3 Nc5 13. Bb1 Qe7 14. Nd5 Qd8 15.
Bc3 Ne4 16. Bxe4 Rxe4 17. Qc2 Re8 18. Bxg7 Kxg7 19. Qc3+ f6 20. g4 Be6 21. g5
Bxd5 22. cxd5 Nb8 23. Nd4 Qe7 24. gxf6+ Qxf6 25. Ne6+ Rxe6 26. dxe6 Nc6 27.
Qxf6+ Kxf6 28. a3 Re8 29. Rd5 Rxe6 30. Kd2 Ne7 31. Rg5 Nf5 32. Re1 Nh4 33. Ke2
Nf5 34. Kf2 d5 35. Re2 c6 36. Rg1 Nd6 37. Rd1 Ne4+ 38. Kf3 Kf5 39. h4 Nd6 40.
Rd4 Nb5 41. Rb4 Re7 42. e4+ dxe4+ 43. Rbxe4 Rd7 44. Re5+ Kf6 45. Ke3 Nd6 46. Rc5
Nf5+ 47. Kf2 Nxh4 48. Rce5 Nf5 49. Kg2 1/2-1/2

[Event "Reykjavik Open 2026"]
[Site "Reykjavik ISL"]
[Date "2026.03.31"]
[Round "9.164"]
[White "Filippo, Gaston"]
[Black "Jonsdottir, Halldora"]
[Result "1-0"]
[WhiteElo "1760"]
[BlackElo "1593"]
[WhiteFideId "1362119"]
[BlackFideId "2321939"]
[EventDate "2026.03.25"]

1. e4 e5 2. Nf3 Nc6 3. Bb5 a6 4. Ba4 Bc5 5. c3 d6 6. d4 exd4 7. cxd4 Bb4+ 8. Nc3
b5 9. Bc2 Bg4 10. Be3 Nf6 11. O-O O-O 12. h3 Bh5 13. Bg5 Bxf3 14. gxf3 h6 15.
Bh4 Ba5 16. Kh2 Bb6 17. Ne2 Re8 18. Qd3 Nb4 19. Qd2 Nxc2 20. Rg1 g5 21. Rxg5+
hxg5 22. Qxg5+ Kf8 23. Qh6+ Ke7 24. Bxf6+ Kd7 25. Bxd8 Nxa1 26. Qc1 Raxd8 27.
Qxa1 Rh8 28. Qg1 Rdg8 29. Qd1 Rh4 30. Qb3 Rg7 31. Qd5 Rgh7 32. Qf5+ Ke7 33. Qg5+
Kd7 34. Qg3 c6 35. Qg8 Rxh3+ 36. Kg2 R3h6 37. Ng3 Bxd4 38. Qg4+ Ke7 39. Nf5+ Kf8
40. Kf1 Rh1+ 41. Ke2 Bc5 42. Ng3 R1h2 43. Qc8+ Kg7 44. Nf5+ Kg6 45. Ne3 a5 46.
Ng4 Rg2 47. Qg8+ Rg7 48. Qh8 Rh7 49. Qf6+ Kh5 50. Qf5+ Kh4 51. Qxh7+ Kg5 52.
Qg7+ Kh5 53. Qh6# 1-0

[Event "Reykjavik Open 2026"]
[Site "Reykjavik ISL"]
[Date "2026.03.31"]
[Round "9.165"]
[White "Akason, Aevar"]
[Black "Ernisson, Petur Ulfar"]
[Result "0-1"]
[WhiteElo "1557"]
[BlackElo "1738"]
[WhiteFideId "2307090"]
[BlackFideId "2326116"]
[EventDate "2026.03.25"]

1. d4 Nf6 2. c4 g6 3. Nf3 Bg7 4. Nc3 O-O 5. e4 d6 6. h3 e5 7. d5 a5 8. Be3 Na6
9. a3 Nc5 10. Bxc5 dxc5 11. Bd3 Ne8 12. O-O Nd6 13. Rb1 f5 14. exf5 gxf5 15. Be2
Qe7 16. Nd2 e4 17. Nb3 f4 18. Re1 Qh4 19. Bg4 f3 20. g3 Qh6 21. Nxe4 Bxg4 22.
Re3 Nf5 23. Rxf3 Bxf3 24. Qxf3 Nd4 25. Qd3 Rf3 26. Qd1 Rxb3 27. Nxc5 Rxg3+ 28.
fxg3 Qe3+ 29. Kg2 Rf8 30. Qg1 Qe2+ 31. Kh1 b6 32. Re1 Qf3+ 33. Qg2 Qxg2+ 34.
Kxg2 bxc5 35. Re7 Nc2 36. Rxc7 Ne1+ 37. Kg1 Bd4+ 0-1

[Event "Reykjavik Open 2026"]
[Site "Reykjavik ISL"]
[Date "2026.03.31"]
[Round "9.166"]
[White "Austin, Hazel"]
[Black "Montalti, Gianluca"]
[Result "0-1"]
[WhiteElo "1501"]
[BlackElo "1737"]
[WhiteFideId "39951138"]
[BlackFideId "39900169"]
[EventDate "2026.03.25"]

1. e4 c5 2. Nf3 e6 3. c3 Nf6 4. e5 Nd5 5. d4 cxd4 6. cxd4 d6 7. Bb5+ Nd7 8. O-O
Be7 9. exd6 Bxd6 10. Bd3 O-O 11. Nc3 Nxc3 12. bxc3 Qc7 13. c4 b6 14. Bb2 Nf6 15.
d5 e5 16. Re1 Re8 17. Qc2 Bg4 18. Ng5 h6 19. Ne4 Nxe4 20. Bxe4 Rf8 21. h3 Bd7
22. Qc3 f5 23. Bd3 Rac8 24. Rad1 Rf6 25. Qd2 Rg6 26. Rb1 Re8 27. Kh1 e4 28. Be2
Re7 29. h4 Bf4 30. Qc2 e3 31. Bh5 exf2 32. Rxe7 Bd2 33. Bxg6 Qg3 34. Rxg7+ Kf8
35. Qb3 Qxh4+ 36. Qh3 Qe4 37. Rf7+ Kg8 38. Qf3 Qxb1+ 39. Kh2 Qg1+ 40. Kg3 f4+ 0-1

[Event "Reykjavik Open 2026"]
[Site "Reykjavik ISL"]
[Date "2026.03.31"]
[Round "9.167"]
[White "Erdogan, Ata Artun"]
[Black "Sankrithi, Sarang Athreya"]
[Result "1-0"]
[WhiteElo "1731"]
[BlackElo "1491"]
[WhiteFideId "39932230"]
[BlackFideId "39939090"]
[EventDate "2026.03.25"]

1. d4 d5 2. Nf3 Nf6 3. Bf4 c5 4. e3 Nc6 5. Nbd2 cxd4 6. exd4 Bg4 7. c3 e6 8. Qb3
Qd7 9. Ne5 Qc8 10. Bb5 a6 11. Bxc6+ bxc6 12. Qa4 Qb7 13. Qxc6+ Qxc6 14. Nxc6 Be7
15. Ne5 O-O 16. Nxg4 Nxg4 17. h3 Nf6 18. Ke2 Rfe8 19. b4 Rac8 20. Rhc1 Nh5 21.
Be3 Rc7 22. Nb3 Rec8 23. Nc5 Bxc5 24. bxc5 Nf6 25. f3 Nd7 26. Bf4 e5 27. Be3 f5
28. Rab1 Re8 29. Kd2 f4 30. Bg1 e4 31. h4 e3+ 32. Ke2 h6 33. Bh2 g5 34. hxg5
hxg5 35. g3 Rf8 36. gxf4 gxf4 37. Rg1+ Kh7 38. Rg4 Rg8 39. Rh4+ Kg6 40. Rg1+ Kf7
41. Rxf4+ Nf6 42. Rxf6+ Kxf6 43. Rxg8 Rh7 44. Be5+ 1-0

[Event "Reykjavik Open 2026"]
[Site "Reykjavik ISL"]
[Date "2026.03.31"]
[Round "9.168"]
[White "Gilsson, Asmund"]
[Black "Erlendsson Weinert, Robin Peter"]
[Result "*"]
[WhiteElo "1727"]
[BlackElo "1442"]
[WhiteFideId "1541242"]
[BlackFideId "2330954"]
[EventDate "2026.03.25"]

1. d4 Nf6 2. c4 g6 3. Nc3 d5 4. e3 Bg7 5. Nf3 O-O 6. cxd5 Nxd5 7. Qb3 e6 8. Be2
c5 9. O-O cxd4 10. Nxd4 Nc6 11. Rd1 Nxd4 12. exd4 b6 13. Bf3 Bb7 14. Bxd5 Bxd5
15. Nxd5 Qxd5 16. Qxd5 exd5 17. Be3 Rac8 18. Rac1 Rfe8 19. Kf1 f5 20. g3 Kf7 21.
Ke2 Ke6 22. Kd3 Kd7 23. b3 Rxc1 24. Rxc1 Rc8 25. Re1 Re8 26. Rc1 Rc8 27. Re1 *

[Event "Reykjavik Open 2026"]
[Site "Reykjavik ISL"]
[Date "2026.03.31"]
[Round "9.173"]
[White "Andresson, Bernardo Tino"]
[Black "Schroeder, Liam Maddox"]
[Result "1-0"]
[WhiteElo "1888"]
[BlackElo "1577"]
[WhiteFideId "1483943"]
[BlackFideId "34651020"]
[EventDate "2026.03.25"]

1. d4 d5 2. e3 c6 3. Bd3 Nf6 4. Nd2 e6 5. h3 Bd6 6. Ngf3 Nbd7 7. O-O O-O 8. c4
h6 9. Re1 e5 10. dxe5 Nxe5 11. Nxe5 Bxe5 12. Nf3 Bc7 13. cxd5 Qxd5 14. Qc2 Rd8
15. Be2 Bf5 16. Qc4 Qxc4 17. Bxc4 b5 18. Be2 Ba5 19. Rf1 Bd3 20. Bxd3 Rxd3 21.
a4 Bb4 22. axb5 cxb5 23. Ne5 Rd6 24. Rb1 Rad8 25. e4 Nxe4 26. Be3 Nd2 27. Bxd2
Bxd2 28. Rfd1 Bf4 29. Rxd6 Rxd6 30. Nf3 Rc6 31. Nd4 Rc1+ 32. Rxc1 Bxc1 33. Nxb5
a5 34. b3 Kf8 35. Kf1 Ke7 36. Ke2 Kd7 37. Kd3 Kc6 38. Kc4 Kb6 39. Nd6 Ba3 40.
Nxf7 Bc5 41. Nd8 Bf8 42. Ne6 Be7 43. Nxg7 Bg5 44. Nf5 Kc6 45. h4 Bf4 46. g4 Kb6
47. Nd4 Bh2 48. Nf5 Bf4 49. h5 Kc6 50. Ne7+ Kb6 51. Ng6 Bg5 52. f4 Bf6 53. f5
Kc6 54. Nf8 Bg7 55. Nh7 Kd6 56. f6 Bh8 57. f7 Bg7 58. f8=Q+ Bxf8 59. Nxf8 Ke5
60. Ng6+ Kf6 61. Kd5 Kg5 62. Ne5 Kf6 63. Ke4 Kg5 64. Nf7+ Kf6 65. Nd8 Ke7 66.
Nc6+ Ke6 67. Nxa5 Kd6 68. Ke3 Kc5 69. Nc4 Kb4 70. Nd2 Kc5 71. Ke4 Kb4 72. Kf5
Kc3 73. Nf3 Kxb3 74. Kg6 Kc3 75. g5 hxg5 76. h6 g4 77. Ng1 g3 78. h7 Kd4 79.
h8=Q+ Kc5 80. Qe5+ Kc6 81. Kf6 Kb6 82. Ke6 Kc6 83. Qd5+ Kb6 84. Kd6 Ka7 85. Kc6
Ka8 86. Qb5 Ka7 87. Qb7# 1-0

[Event "Reykjavik Open 2026"]
[Site "Reykjavik ISL"]
[Date "2026.03.31"]
[Round "9.174"]
[White "Johannsdottir, Hildur Berglind"]
[Black "Arnalds, Stefan"]
[Result "0-1"]
[WhiteElo "1545"]
[BlackElo "1809"]
[WhiteFideId "2306425"]
[BlackFideId "2304821"]
[EventDate "2026.03.25"]

1. e4 c5 2. Nf3 e6 3. d4 cxd4 4. Nxd4 Nf6 5. Nc3 Nc6 6. Bc4 Bb4 7. Nxc6 bxc6 8.
Bd2 d5 9. exd5 cxd5 10. Qf3 Rb8 11. Bb5+ Rxb5 12. Nxb5 Bxd2+ 13. Kxd2 Qa5+ 14.
Nc3 d4 15. Qc6+ Ke7 16. Kc1 dxc3 17. bxc3 Qa3+ 18. Kb1 Bd7 19. Qc7 Nd5 0-1

[Event "Reykjavik Open 2026"]
[Site "Reykjavik ISL"]
[Date "2026.03.31"]
[Round "9.175"]
[White "De Winter, Eric"]
[Black "Bajnath, Amresh"]
[Result "1/2-1/2"]
[WhiteElo "1761"]
[BlackElo "1529"]
[WhiteFideId "1033069"]
[BlackFideId "40114716"]
[EventDate "2026.03.25"]

1. c4 e6 2. Nc3 Nf6 3. e4 d5 4. e5 Ne4 5. d4 Bb4 6. Bd2 Nxd2 7. Qxd2 c5 8. a3
Bxc3 9. bxc3 Nc6 10. Nf3 Na5 11. Qa2 b6 12. cxd5 Qxd5 13. Bb5+ Bd7 14. Bxd7+
Kxd7 15. Qxd5+ exd5 16. O-O c4 17. Rfe1 Nb3 18. Ra2 h6 19. Nd2 Nxd2 20. Rxd2 Ke6
21. f4 g6 22. Rf2 Rhg8 23. g4 f6 24. exf6+ Kxf6 25. Re5 Rge8 26. g5+ Kg7 27.
Rfe2 Rxe5 28. Rxe5 Rf8 29. gxh6+ Kxh6 30. Rxd5 Rxf4 31. Kg2 g5 32. Rd7 Kg6 33.
Rxa7 Kf5 34. Rf7+ Ke4 35. Rxf4+ gxf4 36. h4 Ke3 37. d5 Ke2 38. d6 f3+ 39. Kg3 f2
40. d7 f1=Q 41. d8=Q Qg1+ 42. Kf4 Qe3+ 43. Kf5 Qxc3 44. Qe7+ Qe3 45. Qxe3+ Kxe3
46. h5 c3 47. h6 c2 48. h7 c1=Q 49. h8=Q Qc2+ 50. Ke6 1/2-1/2

[Event "Reykjavik Open 2026"]
[Site "Reykjavik ISL"]
[Date "2026.03.31"]
[Round "9.176"]
[White "Patel, Parisa"]
[Black "Rijnders, Nanno"]
[Result "1-0"]
[WhiteElo "1498"]
[BlackElo "1749"]
[WhiteFideId "343410065"]
[BlackFideId "1065670"]
[EventDate "2026.03.25"]

1. e4 c6 2. d4 d5 3. exd5 cxd5 4. Bd3 Nc6 5. c3 Nf6 6. Nf3 Bg4 7. O-O e6 8. Bg5
Be7 9. Nbd2 O-O 10. Qc2 h6 11. Bh4 Rc8 12. Rfe1 Nb4 13. Qb1 Nxd3 14. Qxd3 Qb6
15. Nb3 a5 16. Ne5 Bf5 17. Qe2 Rfd8 18. Rad1 a4 19. Nc1 a3 20. bxa3 Rxc3 21. Nb3
Bxa3 22. Bxf6 gxf6 23. Nd3 Qd6 24. Ndc5 Bxc5 25. Nxc5 Qc6 26. Qd2 Rc2 27. Qxh6
Bg6 28. Nxe6 fxe6 29. Qxg6+ 1-0

[Event "Reykjavik Open 2026"]
[Site "Reykjavik ISL"]
[Date "2026.03.31"]
[Round "9.177"]
[White "Skulason, Robert Heidar"]
[Black "Adalsteinsson, Hermann"]
[Result "0-1"]
[WhiteElo "1474"]
[BlackElo "1719"]
[WhiteFideId "2332825"]
[BlackFideId "2300591"]
[EventDate "2026.03.25"]

1. e4 c5 2. Nf3 d6 3. d4 cxd4 4. Nxd4 Nc6 5. Nc3 Nf6 6. Be3 e6 7. Be2 Be7 8. O-O
O-O 9. Qd2 a6 10. Rad1 Qc7 11. f4 e5 12. fxe5 dxe5 13. Nxc6 Qxc6 14. Nd5 Nxd5
15. exd5 Qg6 16. Rf3 Bh4 17. Qd3 e4 18. Qc4 exf3 19. Bxf3 Bg5 20. Bxg5 Qxg5 21.
d6 Be6 22. Qc7 Rac8 23. Qxb7 Rxc2 24. d7 Rc1 0-1